000 00525nam a2200145 a 4500
008 120416s0000 ||||||||||||||||| || u
020 _a0830609164
050 _aTL 154 Fla
100 _aFlammang, James M
245 1 0 _aUnderstanding automotive specifications and data
260 _aBlue Pidge Summit
_bTAB Books
_c1986
300 _aix, 197p. : ill.
350 _a0.00
995 _D0.00
_FCBU-MAIN LIBRARY (Kitwe)
_H1
_I19.95
_UAVAILABLE
_ZMain Library Open Access Collection
999 _c60665
_d60665